Begins and Ends with 'F' Quiz Stats

Quiz Updated Jul 13, 2012

Challenge
Share
Tweet
Embed
Score 0/20 Timer 06:00
4 Plays Today
Clue 'F' Word or Phrase % Correct
Like a lucky clover (hyph.)four-leaf
79.4%
Marshmallow cremefluff
72.9%
Head of the department that rescues cats from trees (2 wds.)fire chief
65.7%
Matthew Broderick HS flick (4 wds.)Ferris Bueller's Day Off
58.2%
Simple and reliable, as a planfoolproof
57.6%
Modesty protector in the Garden of Eden (2 wds.)fig leaf
56.1%
Hybrid sport played with a disc (2 wds.)Frisbee golf
53.3%
Give the bird to (2 wds.)flip off
53%
John Woo's Nic Cage/John Travolta action film (2 wds.)Face/Off
50%
A feudal estatefief
49.2%
Clue 'F' Word or Phrase % Correct
Home to Northern Arizona UniversityFlagstaff
41.8%
Term for an edible thing for humansfoodstuff
38.2%
They include bargaining, depression and denial (4 wds.)Five Stages of Grief
34.8%
San Francisco touristy area on the water (2 wds.)Fisherman's Wharf
30.5%
Five, in Germanfünf
29.3%
A fancy folded-back sleeve (2 wds.)French cuff
29.1%
Tevye's local musician (4 wds.)Fiddler on the Roof
26.4%
Musical symbol with a curve and two dots (2 wds.)F Clef
22.8%
MLB's 'Crime Dog' (2 wds.)Fred McGriff
20.7%
Main role in the 'Merry Wives of Windsor'Falstaff
18.7%

You're not logged in!

Compare scores with friends on all Sporcle quizzes.
Join for Free
OR
Log In

You Might Also Like...

Show Comments

Extras

Top Quizzes Today


Score Distribution

Your Account Isn't Verified!

In order to create a playlist on Sporcle, you need to verify the email address you used during registration. Go to your Sporcle Settings to finish the process.

Report this User

Report this user for behavior that violates our Community Guidelines.

Details: